Pick Purple Quiz Stats

 Plays Quiz Updated Feb 3, 2019

Support Sporcle.
Go Orange.
Score 0/12 Timer 03:00
12 Plays Today
% Correct
???
94.2%
???
94%
???
92.5%
???
83%
???
82.3%
???
81%
???
75.3%
???
73.4%
???
70.6%
???
70.5%
???
49.5%
???
47.4%

From the Vault

Word Laddyrinth 3D

by betraisefold

Language 16m
Unlike 3D movies this won't cost extra or give you a headache.
Remove Ads.
Support Sporcle.
Get the best of Sporcle when you Go Orange. This ad-free experience offers more features, more stats, and more fun while also helping to support Sporcle. Thank you for becoming a member.

Show Comments

Extras

Top Quizzes Today


Score Distribution

Your Account Isn't Verified!

In order to create a playlist on Sporcle, you need to verify the email address you used during registration. Go to your Sporcle Settings to finish the process.

Report this User

Report this user for behavior that violates our Community Guidelines.

Details: